| 000 | 01057nmc a2200337 a 4500 | ||
|---|---|---|---|
| 003 | AR-BaBNM | ||
| 005 | 20251128204340.0 | ||
| 008 | 011101s1991 ||||||||||||||000 | spa|| | ||
| 020 | _a84-7509-720-0 | ||
| 040 | _cAR-BaBNM | ||
| 110 | 2 |
_aOrganización para la Cooperación y el Desarrollo Económico _9OCDE |
|
| 245 | 1 | 0 |
_aEscuelas y calidad de la enseñanza _binforme internacional |
| 260 |
_aBuenos Aires _bPaidós _c1991 |
||
| 300 | 0 | _a185 p. | |
| 490 | 0 |
_aTemas de educación _vv. 26 |
|
| 500 | 0 | _aO.C.D.E.: ORGANISATION FOR ECONOMIC CO-OPERATION AND DEVELOPMENT | |
| 650 | 4 | _aESCUELAS | |
| 650 | 4 | _aCALIDAD DE LA ENSENANZA | |
| 650 | 4 | _aEFICACIA DEL DOCENTE | |
| 650 | 4 | _aOBJETIVOS EDUCACIONALES | |
| 650 | 4 | _aPLANIFICACION DE LA EDUCACION | |
| 650 | 4 | _aSISTEMAS ESCOLARES | |
| 650 | 4 | _aPROFESORES DE SECUNDARIA | |
| 650 | 4 | _aORGANIZACION DE LA EDUCACION | |
| 650 | 4 | _aRECURSOS EDUCACIONALES | |
| 650 | 4 | _aTECNOLOGIA EDUCATIVA | |
| 653 | 0 | _aNIVEL EDUCATIVO | |
| 653 | 0 | _aPROBLEMAS EDUCATIVOS | |
| 942 | _cBK | ||
| 998 | _cCarmen | ||
| 999 |
_c7113 _d7113 |
||